006750000a220009700045001000022000002450041000223000046000635000029001095200394001387730045005321 aGómez, Catalina10a"La fealdad es un error de sintaxis" aNúmero 32 (Mayo, 2008), Páginas 14-15 aEntrevista a Umberto Eco aA sus 76 años, el escritor y filósofo italiano es casi una leyenda viviente: autor de best sellers como El nombre de la rosa, estudiosos de las culturas contemporáneas y al mismo tiempo amante de los clásicos, Eco concedió esta única entrevista sobre la belleza y la fealdad, a Catalina Gómez, en exclusiva para Arcadia, durante el reciente Hay Festival en Granada, España.0 tArcadia / Andrés Felipe Solano, Editor